[Event "British CF-68 Championship"]
[Site "Morecambe/ Lancashire"]
[Date "1981.08.11"]
[Round "8"]
[White "King, Daniel J"]
[Black "Ravikumar, Vaidyanathan"]
[Result "0-1"]
[WhiteElo "2320"]
[BlackElo "2325"]
[Annotator "ChessBase"]
[PlyCount "84"]
[EventDate "1981.08.03"]
[EventType "swiss"]
[EventRounds "11"]
[EventCountry "ENG"]
[SourceTitle "EXT 1999"]
[Source "ChessBase"]
[SourceDate "1998.11.16"]
[SourceVersion "1"]
[SourceVersionDate "1998.11.16"]
[SourceQuality "1"]

1. e4 e6 2. d4 d5 3. Nd2 Nf6 4. e5 Nfd7 5. Ngf3 c5 6. c3 Nc6 7. Bd3 Qb6 8. O-O
cxd4 9. cxd4 Nxd4 10. Nxd4 Qxd4 11. Nf3 Qb6 12. Qa4 a6 13. a3 h6 14. b4 Be7 15.
Be3 Qd8 16. Bd4 O-O 17. Rfe1 Re8 18. Rad1 Nf8 19. Qb3 Bd7 20. a4 Rc8 21. Re2 b5
22. a5 Qc7 23. Qb2 Qb7 24. Nd2 Rc6 25. Qa3 Rc4 {[#]} 26. Bxc4 dxc4 27. Ne4 Ng6
28. Qg3 Bxb4 29. Bc5 Bxa5 30. h4 h5 31. Qg5 Bc6 32. Nf6+ gxf6 33. exf6 Bc3 34.
Bd4 Bb4 35. Qxh5 Bxg2 36. Qg5 Qf3 37. h5 Bh3 38. hxg6 Qg4+ 39. Qxg4 Bxg4 40.
Re4 $4 (40. f3 $1 Bxf3 41. Rh2 Be4 42. g7 Bh7 43. Kg2 $18) 40... Bxd1 41. g7
Bc2 42. Rh4 Bh7 0-1

[Event "USA-ch"]
[Site "Parsippany"]
[Date "1996.??.??"]
[Round "6"]
[White "Benjamin, Joel"]
[Black "Shaked, Tal"]
[Result "1/2-1/2"]
[WhiteElo "2565"]
[BlackElo "2440"]
[Annotator "ChessBase"]
[PlyCount "80"]
[EventDate "1996.07.13"]
[EventType "tourn"]
[EventRounds "13"]
[EventCountry "USA"]
[EventCategory "12"]
[SourceTitle "CBM 055"]
[Source "ChessBase"]
[SourceDate "1996.12.01"]
[SourceVersion "1"]
[SourceVersionDate "1996.12.01"]
[SourceQuality "1"]

1. e4 e6 2. d4 d5 3. Nd2 Nf6 4. e5 Nfd7 5. Bd3 c5 6. c3 Nc6 7. Ngf3 g6 8. O-O
Bg7 9. Re1 O-O 10. Nf1 cxd4 11. cxd4 Qb6 12. Bc2 f6 13. exf6 Nxf6 14. Ba4 Ne4
15. Bxc6 bxc6 16. Qc2 c5 17. Ng3 cxd4 18. Nxe4 dxe4 19. Qxe4 Bb7 20. Qxe6+ Qxe6
21. Rxe6 Bxf3 22. gxf3 Rac8 23. Bd2 Rc2 24. Bb4 Rd8 25. Rae1 Rxb2 26. a3 d3 27.
Re8+ Rxe8 28. Rxe8+ Kf7 29. Re7+ Kf6 30. Rd7 Rb3 31. Kg2 Bh6 32. Rxa7 Ke6 33.
Re7+ Kd5 34. Rxh7 Kc6 35. Rxh6 Rxb4 36. Rxg6+ Kc7 37. Rg7+ Kc6 $4 38. Rg6+ $4 (
38. axb4 $1 d2 39. b5+ Kd6 40. Rg8 Kd7 41. b6 d1=Q 42. b7 $18) 38... Kc7 39.
Rg7+ Kc6 $4 40. Rg6+ $4 Kc7 1/2-1/2

[Event "Lone Pine op Louis D. Statham Masters"]
[Site "Lone Pine"]
[Date "1979.04.03"]
[Round "8"]
[White "Janosevic, Dragoljub"]
[Black "Watson, John L"]
[Result "1-0"]
[WhiteElo "2400"]
[BlackElo "2375"]
[Annotator "ChessBase"]
[PlyCount "94"]
[EventDate "1979.03.25"]
[EventType "swiss"]
[EventRounds "9"]
[EventCountry "USA"]
[SourceTitle "MCL"]
[Source "ChessBase"]
[SourceDate "1999.07.01"]
[SourceVersion "1"]
[SourceVersionDate "1999.07.01"]
[SourceQuality "1"]

1. e4 e6 2. d4 d5 3. Nd2 Nf6 4. e5 Nfd7 5. Bd3 c5 6. c3 Nc6 7. Ne2 Qb6 8. Nf3
cxd4 9. cxd4 f6 10. exf6 Nxf6 11. O-O Bd6 12. Bd2 O-O 13. Bc3 Bd7 14. Ng3 Rae8
15. Ne5 (15. Re1 Kh8 16. Re2 Ng4 17. Qc2 e5 18. Bf5 $1 Bxf5 19. Nxf5 Bb8 20.
dxe5 Ncxe5 21. Nxe5 Bxe5 22. Rae1 Qf6 {Fuchs,R-Liebert,H/DDR-ch/1956/}) 15...
Re7 16. Rc1 (16. Kh1 $5 Be8 17. f4 Kh8 18. Bc2 Rc7 19. a3 Ne7 20. Qd2 Rc8 21.
Rac1 a6 22. Bb1 Bb5 23. Rfe1 Qd8 $10) 16... Be8 17. Kh1 Kh8 18. Bb1 g6 19. f4
Rg7 20. Qd2 Ne7 21. Ba5 Qa6 22. Bb4 Nf5 23. Nxf5 gxf5 24. Bd3 Qb6 25. Bc5 Qd8
26. Qb4 Bxc5 27. dxc5 Rfg8 28. Qd4 Rxg2 29. Nf3 R8g7 30. Rce1 Bh5 31. Ng5 Rd2
32. Re3 Ng4 33. Rxe6 h6 34. Nf3 Rxh2+ 35. Nxh2 Qh4 36. Re2 Qh3 37. Rg2 Nf6 38.
Rxg7 Kxg7 39. Rf2 Kf7 40. Bf1 Qg3 41. Bg2 Ke6 42. Kg1 Ne4 43. Qe5+ Kd7 44.
Qxd5+ Kc7 45. Qe5+ Kc6 46. Rf1 Qe3+ 47. Kh1 Kb5 1-0

[Event "Olympiad-29"]
[Site "Novi Sad"]
[Date "1990.11.18"]
[Round "2"]
[White "Hakki, Imad"]
[Black "Knaak, Rainer"]
[Result "0-1"]
[WhiteElo "2320"]
[BlackElo "2515"]
[Annotator "ChessBase"]
[PlyCount "54"]
[EventDate "1990.11.17"]
[EventType "team-swiss"]
[EventRounds "14"]
[EventCountry "YUG"]
[SourceTitle "TD"]
[Source "ChessBase"]
[SourceDate "1994.03.01"]
[SourceVersion "1"]
[SourceVersionDate "1994.03.01"]
[SourceQuality "1"]
[WhiteTeam "Syria"]
[BlackTeam "German Dem Rep"]
[WhiteTeamCountry "SYR"]
[BlackTeamCountry "DDR"]

1. e4 e6 2. d4 d5 3. Nd2 Nf6 4. e5 Nfd7 5. Bd3 c5 6. c3 Nc6 7. Ne2 cxd4 8. cxd4
f6 9. exf6 (9. Nf4 Nxd4 10. Qh5+ Ke7 11. exf6+ Nxf6 12. Ng6+ hxg6 13. Qxh8 Kf7
$13) 9... Nxf6 10. Nf3 Bd6 11. O-O O-O (11... Qc7 12. Nc3 a6 13. Bg5 O-O 14.
Bh4 Nh5 15. Re1 g6 16. Bg5 Qg7 $13) 12. Bf4 Bxf4 13. Nxf4 Qd6 (13... Ne4 14.
Nh5 (14. Ne2 Rxf3 15. gxf3 Ng5 16. Kh1 e5 17. dxe5 Nxf3 18. Bxh7+ Kh8 19. Ng1
Ncd4 $13) 14... g6 15. Ng3 Nxg3 16. hxg3 $14 {Spasov-Ulybin, Tunja 1989}) 14.
Ne2 (14. g3 Qb4 $1 $132) 14... Bd7 15. Ng3 g6 16. a3 (16. Qd2 $142 Ng4 17. Rae1
$22 Rxf3 18. gxf3 Nxd4 19. Be2 Nxe2+ 20. Qxe2 Nf6 21. Qe5) 16... Ng4 17. Qd2 {
[#]} Rxf3 $5 18. gxf3 Nxd4 19. Be2 $8 (19. Kg2 Ne5 (19... Nxh2 20. Rh1 Nhxf3
21. Qh6 Qe7 22. Bxg6 $1) 20. Be2 (20. f4 Nxd3 21. Qxd3 Qxf4) 20... Nxe2 21.
Qxe2 Rf8 $15) 19... Nxe2+ 20. Qxe2 Ne5 {P f8} 21. Rfe1 Nc6 $146 {<->f3} 22.
Rad1 Rf8 23. Ne4 (23. Qe3 $13) 23... Qe7 24. Nc3 (24. Ng3 Qh4 25. Qe3) 24...
Qh4 $1 $17 {P f5, e5} 25. Qd2 (25. Ne4 dxe4 $1 26. Rxd7 Ne5) (25. Qf1 Rf5 26.
Kh1 Ne5 27. Re3 Nxf3 28. Qg2 d4 29. Rxf3 Bc6) 25... Rf5 26. Re3 (26. Ne2 Ne5
27. Nd4 Rg5+ 28. Kf1 Bb5+ $1 29. Nxb5 Qh3+ 30. Ke2 Qxf3+ 31. Kf1 Qh3+ 32. Ke2
Qg4+ 33. Kf1 Nf3 $19) (26. f4 $142 Rxf4 27. Re3 $17) 26... Rh5 {P d4, h2} 27.
Ne4 (27. Ne2 Qxh2+ 28. Kf1 Qh1+ 29. Ng1 Rg5) (27. f4 Qxh2+ 28. Kf1 Qxf4) 27...
Ne5 (27... Ne5 28. Nc5 (28. Nc3 Qxh2+ 29. Kf1 Nc4 30. Qd4 Nxe3+ 31. Qxe3 Re5
$19) 28... Qxh2+ 29. Kf1 Bb5+ $19) 0-1

[Event "Candidates plof-4.pl Tal-Timman +1-1=4"]
[Site "Montpellier"]
[Date "1985.11.11"]
[Round "5"]
[White "Tal, Mihail"]
[Black "Timman, Jan H"]
[Result "1-0"]
[WhiteElo "2565"]
[BlackElo "2640"]
[Annotator "ChessBase"]
[PlyCount "87"]
[EventDate "1985.11.06"]
[EventType "match"]
[EventRounds "6"]
[EventCountry "FRA"]
[SourceTitle "Candidates"]
[Source "ChessBase"]
[SourceDate "1999.07.01"]
[SourceVersion "2"]
[SourceVersionDate "1999.07.01"]
[SourceQuality "1"]

1. e4 e6 2. d4 d5 3. Nd2 Nf6 4. e5 Nfd7 5. c3 c5 6. Bd3 Nc6 7. Ne2 cxd4 8. cxd4
f6 9. exf6 Nxf6 10. Nf3 Bd6 11. Bf4 Bxf4 12. Nxf4 Qa5+ 13. Qd2 Qxd2+ 14. Kxd2
O-O 15. Rhe1 Ne4+ 16. Bxe4 Rxf4 17. Bd3 Nxd4 18. Ke3 Nxf3 19. Kxf4 Nxe1 20.
Rxe1 Bd7 21. Ke5 a6 22. Kd6 Bb5 23. Bxb5 axb5 24. Rxe6 {[#]} d4 (24... Rxa2 25.
Re2 $14) (24... Rc8 25. Kxd5 Rc2 26. b4 Rxa2 27. Re8+ Kf7 28. Rb8 Rxf2 29.
Rxb7+ Kf6 30. Rb6+ Ke7 31. Rxb5 Rxg2 32. h4 h5 $11) 25. Re2 (25. Kc5 d3 26. a3
Rf8 27. f3 Rc8+ 28. Kxb5 Rc2 29. b4 Rxg2 30. Rd6 d2 31. h3 Kf7 32. a4 Ke7 33.
Rd3 h5 34. Ka5 h4 35. f4 Rh2 36. Kb6 Rxh3 37. Rxd2 Ra3 38. a5 Rb3 $11) 25... d3
(25... Rc8) 26. Rd2 Rc8 $11 27. b4 Rc2 (27... Rc6+ 28. Kd5 Rc2 29. Rxd3 Rxf2
$11) 28. Rxd3 {[#]} Rxa2 $2 (28... Rxf2 29. h4 Rxa2 30. Rd5 Rxg2 31. Rxb5 Rd2+
32. Kc7 Kf7 33. Kxb7 Rd4 34. h5 g6 35. hxg6+ hxg6 36. Kc6 g5 $11) 29. Rf3 $1
$16 Rc2 30. Rf5 b6 31. h4 Rc4 32. Rxb5 Rxh4 33. g3 Rd4+ 34. Kc7 Kf7 35. Kxb6
Kf6 36. f4 h6 37. Ka5 Rd3 38. g4 Ra3+ 39. Kb6 Rf3 (39... Rg3) 40. Rf5+ $18 Ke6
41. b5 g6 42. Rc5 Rxf4 43. Rc6+ Kf7 44. Kc7 1-0

[Event "URS-ch53"]
[Site "Kiev"]
[Date "1986.??.??"]
[Round "?"]
[White "Malaniuk, Vladimir P"]
[Black "Gurevich, Mikhail"]
[Result "0-1"]
[WhiteElo "2495"]
[BlackElo "2510"]
[Annotator "ChessBase"]
[PlyCount "83"]
[EventDate "1986.04.??"]
[EventType "tourn"]
[EventRounds "17"]
[EventCountry "URS"]
[EventCategory "10"]
[SourceTitle "URS-ch"]
[Source "ChessBase"]
[SourceDate "1999.07.01"]
[SourceVersion "1"]
[SourceVersionDate "1999.07.01"]
[SourceQuality "1"]

1. e4 e6 2. d4 d5 3. Nd2 Nf6 4. e5 Nfd7 5. c3 c5 6. Bd3 Nc6 7. Ne2 cxd4 8. cxd4
f6 9. exf6 Nxf6 10. Nf3 Qc7 11. O-O Bd6 12. Nc3 a6 13. h3 O-O 14. Be3 Bd7 15.
Rc1 Rae8 (15... Be8 16. Ng5 Qe7 17. f4 h6 18. Nf3 Nh5 19. Ne5 Ng3 20. Rf3 Nf5
21. Bxf5 Rxf5 22. Na4 Bxe5 23. dxe5 d4 $15 {Yudasin,L-Dolmatov,S USSR 1985})
16. Na4 Re7 17. Ne5 Qa5 18. b3 Ba3 19. Rc2 Nb4 20. Bd2 Bxa4 21. bxa4 Qb6 22.
Rc3 Nxd3 23. Rxa3 Nxe5 24. dxe5 Ne4 25. Rb3 Qa7 26. Be3 Qb8 27. f3 Ref7 28. Re1
Ng3 29. Rb6 Qc8 30. Bc1 Rc7 31. Ba3 Rff7 32. Bd6 Rc2 33. Kh2 Qc4 34. Rb3 Ne2
35. Kh1 h5 36. Qb1 Nf4 37. Rg1 Qe2 38. Re3 Qf2 39. Qe1 Nxh3 40. Qxf2 Nxf2+ 41.
Kh2 d4 42. Rb3 0-1

[Event "Hoogovens"]
[Site "Wijk aan Zee"]
[Date "1985.02.01"]
[Round "12"]
[White "Van der Wiel, John"]
[Black "Ree, Hans"]
[Result "0-1"]
[WhiteElo "2500"]
[BlackElo "2455"]
[Annotator "ChessBase"]
[PlyCount "58"]
[EventDate "1985.01.18"]
[EventType "tourn"]
[EventRounds "13"]
[EventCountry "NED"]
[EventCategory "13"]
[SourceTitle "MCL"]
[Source "ChessBase"]
[SourceDate "1999.07.01"]
[SourceVersion "1"]
[SourceVersionDate "1999.07.01"]
[SourceQuality "1"]

1. e4 e6 2. d4 d5 3. Nd2 Nf6 4. e5 Nfd7 5. c3 c5 6. Bd3 Nc6 7. Ne2 cxd4 8. cxd4
Qb6 9. Nf3 f6 10. exf6 Nxf6 11. O-O Bd6 12. Nc3 O-O 13. Be3 Bd7 14. Re1 Kh8 15.
a3 Qd8 $6 (15... Be8 $1) 16. Bg5 Ne7 17. Ne5 Be8 18. Qf3 Qb6 19. Qh3 Neg8 20.
Ng4 $6 (20. Qxe6 $1 Bxe5 21. Qxb6 Bxh2+ 22. Kxh2 axb6 23. f3 $16 {(Ree 85)})
20... Nh5 21. Rxe6 Qxb2 22. Rd1 Qxc3 23. Rxd6 Qxd4 24. Be3 Qa4 25. Ra1 Qb3 26.
Bd4 Rf4 27. Rh6 Nxh6 28. Nxh6 Rxd4 29. Qe6 Bg6 0-1

[Event "Cannes"]
[Site "Cannes"]
[Date "1986.??.??"]
[Round "1"]
[White "Popovic, Petar"]
[Black "Miralles, Gilles"]
[Result "1/2-1/2"]
[WhiteElo "2545"]
[BlackElo "2360"]
[Annotator "Dolmatov,S"]
[PlyCount "80"]
[EventDate "1986.02.??"]
[EventType "tourn"]
[EventRounds "9"]
[EventCountry "FRA"]
[EventCategory "10"]
[SourceTitle "MCL"]
[Source "ChessBase"]
[SourceDate "1999.07.01"]
[SourceVersion "1"]
[SourceVersionDate "1999.07.01"]
[SourceQuality "1"]

1. e4 e6 2. d4 d5 3. Nd2 Nf6 4. e5 Nfd7 5. c3 c5 6. Bd3 b6 7. Nh3 Ba6 8. Nf3 (
8. Bxa6 Nxa6 9. O-O Be7 10. Nf4 $14) 8... Bxd3 9. Qxd3 Nc6 10. O-O c4 $6 (10...
Rc8 $32 11. Bd2 Be7 12. Nf4 $14) 11. Qc2 b5 12. Nfg5 g6 $8 (12... h6 $2 13.
Nxe6 fxe6 14. Qg6+ Ke7 15. Ng5 $1 $18) 13. f4 Be7 14. g4 Qb6 (14... h5 $2 15.
Nxe6 fxe6 16. Qxg6+ Kf8 17. f5 $18) 15. Kg2 (15. f5 Ndxe5 $5 (15... gxf5 16.
gxf5 Ncxe5 17. fxe6 fxe6 18. Qe2 $44) 16. fxe6 f6 $132) (15. Kh1 $5 h5 16. f5
hxg4 17. fxe6 gxh3 18. Nxf7 $16) 15... h5 (15... h6 $2 16. Nxe6 fxe6 17. Qxg6+
Kd8 18. Qxe6 $16) 16. gxh5 Rxh5 17. Nxe6 Nb4 18. cxb4 Qxe6 19. f5 Rxf5 20. Rxf5
Qxf5 21. Qxf5 gxf5 22. Bd2 Nf8 23. Nf4 (23. Rf1 $6 Ne6 24. Bc3 Kd7 25. Rxf5
Rg8+ 26. Kf3 Rh8 27. Kg2 $10) 23... O-O-O 24. a4 bxa4 25. Rxa4 Kb7 26. Ra5 $6 (
26. Kf3 $5 Bg5 (26... Ne6 27. Nxe6 fxe6 28. b5 $1 Rh8 29. Bf4 $14) 27. Be3 $14)
26... Bg5 27. h4 Bxf4 28. Bxf4 Ne6 29. Be3 Rg8+ 30. Kf3 Rg4 $10 31. Rxd5 Rxh4
32. Rd7+ Kc8 33. Rxf7 Nxd4+ 34. Bxd4 Rxd4 35. Rxa7 Re4 36. Re7 $10 Kd8 37. Re6
Kd7 38. Rd6+ Kc7 39. Rd5 Kc6 40. Rc5+ Kb6 1/2-1/2

[Event "Lone Pine op Louis D. Statham Masters"]
[Site "Lone Pine"]
[Date "1979.03.26"]
[Round "2"]
[White "Gruenfeld, Yehuda"]
[Black "Lein, Anatoly"]
[Result "1/2-1/2"]
[WhiteElo "2430"]
[BlackElo "2535"]
[Annotator "Dolmatov,S"]
[PlyCount "117"]
[EventDate "1979.03.25"]
[EventType "swiss"]
[EventRounds "9"]
[EventCountry "USA"]
[SourceTitle "MCL"]
[Source "ChessBase"]
[SourceDate "1999.07.01"]
[SourceVersion "1"]
[SourceVersionDate "1999.07.01"]
[SourceQuality "1"]

1. e4 e6 2. d4 d5 3. Nd2 Nf6 4. e5 Nfd7 5. c3 c5 6. Bd3 Nc6 7. Ne2 cxd4 8. cxd4
Nb4 $6 (8... f6 9. exf6 Nxf6 10. O-O Bd6 11. Nf3 $14) 9. Bb1 b6 10. a3 Nc6 11.
Bd3 a5 12. Qa4 (12. O-O Ba6 13. Bxa6 Rxa6 14. Nf3 Be7 15. Qd3 Ra7 16. Bd2 O-O
17. Rfc1 Rc7 18. Rc3 $14) 12... Bb7 13. O-O Be7 14. f4 (14. Nf3 $5 O-O 15. Be3
$16) 14... g6 15. g4 $6 O-O 16. Nf3 f5 17. h3 Na7 18. Bd2 Bc6 19. Qd1 (19. Qb3
$6 a4 20. Qc2 Rc8) 19... Bb5 20. Bxb5 Nxb5 21. Qa4 Na7 22. Rac1 Rf7 (22... Rc8
$5 23. Kg2 $5 (23. b4 $2 b5 24. Qxa5 Qxa5 25. bxa5 Bxa3 $15) 23... Nb8 $10) 23.
Rc2 Qe8 24. Qb3 (24. Kg2 $5) (24. Rfc1 Nf6 $6 (24... Bd8 25. Be1 $14) 25. Qxe8+
(25. Qb3 Ne4 26. Qxb6 $16) 25... Nxe8 26. Kg2 $16) 24... Bd8 25. Nc3 Nf8 26.
Rfc1 Rb8 (26... b5 $6 27. Nd1 Bb6 28. Nf2 $16) 27. Na4 $6 (27. Kg2 $5 b5 $6 28.
Nd1 $16) 27... Rfb7 28. Kh2 Qb5 29. Qxb5 Nxb5 30. Be1 Kf7 31. Nc3 Na7 32. Nd1
Ke8 33. Ne3 $2 (33. Bh4 $5 Bxh4 34. Nxh4 Rf7 35. Kg3 $14) 33... Rf7 34. gxf5 $6
(34. Kg3 Kd7 35. h4 $14) 34... gxf5 35. h4 Rbb7 36. Ng5 Rfc7 37. Rxc7 Rxc7 38.
Rxc7 Bxc7 39. h5 $10 Nc6 40. Nf3 b5 41. Nd1 Bb6 42. Bf2 h6 43. Nc3 Na7 44. Kg2
Nd7 45. Kf1 Nb8 46. a4 $5 (46. Ke2 Nbc6 47. Kd3 $10) 46... b4 47. Nb5 Nxb5 48.
axb5 a4 49. Ke2 Nd7 (49... a3 50. bxa3 bxa3 51. Nd2 $5 (51. Be1 a2 52. Bc3 Ba5
53. Bb2 Nd7 54. Kd3 Nb6 55. Kc2 Nc4 56. Kb3 Nd2+ 57. Nxd2 Bxd2 $15) 51... a2
52. Nb3 Ba5 53. Kd3 Nd7 54. Kc2 Nb6 55. Kb2 Nc4+ 56. Kxa2 Bd2 57. b6 Kd7 58.
Nc5+ $16) 50. Kd1 (50. Kd3 b3 51. Be1 $14) 50... b3 51. Ne1 (51. Be1 $14) 51...
Ba5 52. Nd3 Nb6 53. Be1 Bxe1 54. Nxe1 Nc4 55. Kc1 (55. Nd3 $2 Nxb2+ 56. Nxb2 a3
$19) 55... a3 56. bxa3 b2+ 57. Kb1 Nxa3+ 58. Kxb2 Nxb5 59. Nf3 1/2-1/2

[Event "WchT 4th"]
[Site "Luzern"]
[Date "1997.10.28"]
[Round "4.4"]
[White "Forster, Richard"]
[Black "Temirbayev, Serikbay"]
[Result "1-0"]
[WhiteElo "2460"]
[BlackElo "2475"]
[Annotator "Donev,I"]
[PlyCount "80"]
[EventDate "1997.10.25"]
[EventType "team-tourn"]
[EventRounds "9"]
[EventCountry "SUI"]
[SourceTitle "CBM 062"]
[Source "ChessBase"]
[SourceDate "1998.01.31"]
[SourceVersion "1"]
[SourceVersionDate "1998.01.31"]
[SourceQuality "1"]
[WhiteTeam "Switzerland"]
[BlackTeam "Kazakhstan"]
[WhiteTeamCountry "SUI"]
[BlackTeamCountry "KAZ"]

1. e4 e6 2. d4 d5 3. Nd2 Nf6 4. e5 Nfd7 5. c3 c5 6. Bd3 Nc6 7. Ngf3 cxd4 8.
cxd4 Nb6 9. b3 Bd7 10. a3 a5 11. Bb2 Be7 12. h4 h6 13. Rh3 Kf8 14. h5 a4 15. b4
Na7 16. Rc1 Bb5 17. Bb1 Rc8 18. Rc5 $5 {Ein sehr interssantes positionelles
Qualitätsopfer. Ich denke, daß Weiß genug Kompensation und gute Aussichten für
Initiative am Königsflügel hat.} Bxc5 19. dxc5 {Außer der Bauernmehrheit am
Damenflügel (3 weiße gegen 2 schwarze Bauern) hat der Anziehenden auch das
wunderbare Feld d4 für eine Leichtfigur.} Nc4 20. Nxc4 Bxc4 $6 {>< Bc4} (20...
dxc4 $142 21. Nd4 $44 {/\ Qg4, Rg3 (>< g7)}) 21. Qd4 Nb5 22. Qg4 Nc7 23. Rg3
Ne8 24. Nd4 {[%csl Gd4] Jetzt ist der schwarze Läufer auf c4 zur Untätigkeit
verurteilt. Er kann nicht zur Verteidigung des eigenen Königs eingeschaltet
werden.} Qe7 (24... Qg5 25. Nxe6+ fxe6 26. Qf3+ $18) 25. f4 Rc7 26. Kf2 (26. f5
$2 exf5 27. Nxf5 Qe6) 26... Kg8 27. Kg1 Kf8 28. Qf3 Qd8 29. f5 $1 {Ohne diesen
Vorstoß kommt Weiß nicht voran.} exf5 30. Bxf5 Re7 {Wie kann Weiß seinen
Angriff am Königsflügel fortsetzen?} (30... Qh4 31. e6 $40) {[%tqu "De","Wie
kann Weiß seine Initiative am Königs Flügel fortsetzen?","","","d4e6","",10]}
31. Ne6+ $1 Rxe6 32. Bxe6 Qc7 33. Rg4 $16 (33. Bxd5 $142 $18) 33... Kg8 (33...
Be2 $1) 34. Bxd5 Bxd5 35. Qxd5 Qc6 36. Rd4 Nc7 37. Qxc6 bxc6 38. Rd6 Kh7 39.
Rxc6 Ne6 40. Rd6 Rb8 1-0

[Event "RUS-Cup01 Chigorin Memorial"]
[Site "St Petersburg"]
[Date "1997.11.06"]
[Round "6"]
[White "Novgorodskij, Vladimir"]
[Black "Neverov, Valeriy"]
[Result "1-0"]
[WhiteElo "2390"]
[BlackElo "2560"]
[Annotator "Donev,I"]
[PlyCount "89"]
[EventDate "1997.11.01"]
[EventType "swiss"]
[EventRounds "9"]
[EventCountry "RUS"]
[SourceTitle "CBM 062"]
[Source "ChessBase"]
[SourceDate "1998.01.31"]
[SourceVersion "1"]
[SourceVersionDate "1998.01.31"]
[SourceQuality "1"]

1. e4 e6 2. d4 d5 3. Nd2 Nf6 4. e5 Nfd7 5. Bd3 c5 6. c3 b6 7. Ne2 Ba6 8. Nf3
Be7 9. O-O Bxd3 10. Qxd3 Nc6 11. Ne1 O-O 12. Qh3 b5 13. f4 f5 14. g4 Qe8 15.
gxf5 Rxf5 16. Ng3 Qg6 17. Ng2 cxd4 (17... Rff8 18. f5 (18. a4 b4 19. f5 exf5
20. Nxf5 bxc3 21. bxc3 Bd8 22. Ba3 Qe6 23. Rab1 $14) 18... exf5 19. Nxf5 Rfd8
20. Qf3 $14) (17... Raf8 18. Nxf5 Rxf5 19. Be3 c4 20. Qg3 Qh6 21. Rad1 a5 $16)
18. Nxf5 exf5 19. cxd4 Nxd4 20. Be3 Ne6 (20... Nc2 21. Rac1 Nxe3 22. Qxe3 $18)
21. Qf3 Nb6 22. Bxb6 axb6 23. Kh1 Rd8 24. Rad1 d4 25. Qb7 Qe8 26. a3 Nc5 27.
Qxb6 d3 28. b4 Rb8 29. Qxb8 (29. Qa7 Ra8 30. Qc7 Rc8 31. Qb6 Rb8 $11 {mit
Zugwiederholung, weil sich die Dame den Angriffen durch den schwarzen Turm
nicht entziehen kann.}) 29... Qxb8 30. bxc5 Bxc5 31. Rxd3 $14 {Die Stellung
ist leicht besser für Weiß, weil die Türme offene Linien haben und der
e5-Bauer sehr stark ist. Außerdem steht der weiße Monarch besser als sein
Kollege. Wenn der a- gegen den b- Bauern getauscht werden könnte, wären die
zwei Türme der Dame beim Spiel auf einem Flügel überlegen.} Kf7 32. Rb1 Qb7 33.
Rdb3 Qe4 34. Rxb5 Bxa3 35. Re1 $16 Qc6 36. e6+ Kf6 37. Rbe5 Be7 (37... Bd6 38.
e7 $1 (38. R5e2 Ke7 $14) 38... Bxe5 39. Rxe5 Qe8 40. Ne3 g6 41. Nd5+ $18) 38.
h4 Qf3 39. Kh2 h6 40. R1e3 Qd1 41. Rg3 g6 $18 42. Ne3 Qh5 43. Kg2 Qe2+ 44. Kh3
Qa6 45. Rf3 ({[%tqu "De","Mit welche kleine Kombination kann weiß die schwarze
Dame errobern?","","","e5f5","",3]} 45. Rxf5+ $3 gxf5 46. Nd5+ Kxe6 47. Nc7+ {
[%cal Yc7e6,Yc7a6]}) 1-0

[Event "RUS-Cup9"]
[Site "Novgorod"]
[Date "1997.06.16"]
[Round "5"]
[White "Korneev, Oleg"]
[Black "Volkov, Sergey"]
[Result "1/2-1/2"]
[WhiteElo "2590"]
[BlackElo "2480"]
[Annotator "Donev,I"]
[PlyCount "92"]
[EventDate "1997.06.11"]
[EventType "swiss"]
[EventRounds "9"]
[EventCountry "RUS"]
[SourceTitle "CBM 060"]
[Source "ChessBase"]
[SourceDate "1997.09.29"]
[SourceVersion "1"]
[SourceVersionDate "1997.09.29"]
[SourceQuality "1"]

1. e4 e6 2. d4 d5 3. Nd2 Nf6 4. e5 Nfd7 5. Bd3 c5 6. c3 Nc6 7. Ne2 cxd4 8. cxd4
f6 9. exf6 Nxf6 10. O-O Bd6 11. Nf3 O-O 12. Bf4 Bxf4 13. Nxf4 Ne4 14. Nh5 g6
15. Ng3 Nxg3 16. hxg3 Qb6 {[%cal Yb6d4,Yb6b2]} 17. Qa4 a6 18. Rab1 Bd7 19. Be2
Ne5 (19... e5 $5 20. dxe5 Nxe5 21. Qd1 (21. Qh4 Bf5 $1 $15) 21... Qd6 $1 $13 (
21... Nxf3+ 22. Bxf3 d4 23. Qd2 Rad8 $11)) 20. Qd1 Nxf3+ 21. gxf3 (21. Bxf3
Rac8 22. Qd2 Rc4 23. Rfd1 Rfc8 24. Rbc1 (24. Qf4 Rc2 25. Rd2 Qb4 26. Rxc2 Rxc2
27. Qb8+ $13) 24... Rxc1 25. Rxc1 Rxc1+ 26. Qxc1 Qxd4 27. Qc7 Bc6 28. Qe7 Qe5
29. Bg4 Qe1+ 30. Kh2 Qxf2 31. Bxe6+ Kh8 $11) 21... Bb5 $146 {Es kommt nicht
selten vor, in der modernen Praxis auf eine Neuerung nach dem 20 Zug zu
treffen!} (21... Rac8 $11 {Rublevsky,S-Ulibin,M/St Petersburg zt 1993}) 22. f4
Rfc8 23. Re1 Bxe2 24. Rxe2 (24. Qxe2 $5 Rc4 (24... Rc6 25. Qe5 $14) 25. Rbd1 (
25. Qxe6+ Qxe6 26. Rxe6 Rxd4 27. Re7 b5 $11 {/\Rd2}) 25... Re8 26. Qe3 Qxb2 27.
f5 $1 Qxa2 (27... gxf5 28. Qg5+ Kh8 (28... Kf7 29. Qh5+ Kf8 30. Qh6+ Kg8 31.
Rb1 $18) 29. Qf6+ Kg8 30. Rxe6 Rxe6 31. Qxe6+ Kg7 $16) 28. fxe6 Re7 $13 29. Qg5
Rcc7 30. Ra1 Qb3 31. Rab1 Qa2 $11 (31... Qc4 $2 32. Rec1 $18)) 24... Rc4 25.
Rd2 Rac8 $15 26. b3 Rc3 27. Kg2 a5 28. Qg4 Rc2 29. Rbd1 R8c6 30. Qg5 Qc7 31.
Qf6 Qd7 (31... Rxd2 32. Rxd2 Qd6 $11) 32. a4 Rxd2 33. Rxd2 Qe8 34. Re2 Qf8 35.
Qg5 $1 ({Wenn die Damen getauscht werden, bekommt der Nachziehende großen
Vorteil.} 35. Qxf8+ Kxf8 $17 {nebst Ke7 und Rc3. nebst Ke7 und Rc3.}) 35... Kg7
36. Re5 Qf6 37. Qg4 Kf7 38. Qe2 Qe7 39. Re3 Qb4 40. Rd3 Rc3 41. Rd1 Qxb3 {
Es scheint, daß das schwarze Spiel am Damenflügel erfolgreich ist. Mit dem
nächsten weißen Bauerndurchbruch versucht der Anziehende zu beweisen, daß der
schwarze König schlecht steht.} 42. f5 $1 {Mit welchem Bauern würden Sie auf
f5 schlagen?} gxf5 (42... exf5 $4 {Nach diesem Zug bekommt Weiß auf der
offenen e-Linie sehr starke Initiative.} 43. Re1 Qb4 (43... Qxa4 44. Qe7+ Kg8
45. Qd8+ Kg7 46. Re7+ Kh6 47. Rf7 $1 $18) 44. Qe8+ Kg7 45. Qd7+ Kf6 46. Re6+
Kg5 47. Qxh7 {nebst Matt.}) 43. Re1 Qb6 44. Qh5+ Ke7 (44... Kg7 45. Qe8) 45.
Qxf5 Rc6 46. Qxh7+ Kf6 $2 $18 {Jetzt kann Weiß mittels 47.Re3 oder 47.Rh1
leicht gewinnen.} (46... Kd6 47. Qh8 $1 Kc7 48. Rh1 $16) (46... Kd8 47. Rb1 $16
) 1/2-1/2